Study on land registration systematic in samraong leu commune angk snuol; district kandal province, នីតិវិធីនៃការចុះបញ្ជីដីធ្លីមានលក្ខណៈជាប្រព័ន្ធនៅឃុំសំរោងលើ ស្រុកអង្គស្នួល ខេត្តកណ្ដាល (Record no. 5744)
[ view plain ]
| 000 -LEADER | |
|---|---|
| fixed length control field | 00718nam a22001577a 4500 |
| 003 - CONTROL NUMBER IDENTIFIER | |
| control field | OSt |
| 005 - DATE AND TIME OF LATEST TRANSACTION | |
| control field | 20160106162951.0 |
| 008 - FIXED-LENGTH DATA ELEMENTS--GENERAL INFORMATION | |
| fixed length control field | 160106b xxu||||| |||| 00| 0 eng d |
| 040 ## - CATALOGING SOURCE | |
| Transcribing agency | RUA |
| 082 ## - DEWEY DECIMAL CLASSIFICATION NUMBER | |
| Classification number | LMA CHE 2011 B310 Or.1 |
| 100 ## - MAIN ENTRY--PERSONAL NAME | |
| 9 (RLIN) | 6168 |
| Personal name | CHEOUN, BUNROTH. |
| 245 ## - TITLE STATEMENT | |
| Title | Study on land registration systematic in samraong leu commune angk snuol; district kandal province, នីតិវិធីនៃការចុះបញ្ជីដីធ្លីមានលក្ខណៈជាប្រព័ន្ធនៅឃុំសំរោងលើ ស្រុកអង្គស្នួល ខេត្តកណ្ដាល |
| 260 ## - PUBLICATION, DISTRIBUTION, ETC. (IMPRINT) | |
| Place of publication, distribution, etc. | Phnom Penh |
| Name of publisher, distributor, etc. | RUA |
| Date of publication, distribution, etc. | 2011 |
| 300 ## - PHYSICAL DESCRIPTION | |
| Extent | ix; 44p. |
| Other physical details | ill. |
| Dimensions | 29cm. |
| 942 ## - ADDED ENTRY ELEMENTS (KOHA) | |
| Source of classification or shelving scheme | |
| Koha item type | LMA |
| Price effective from | Date last seen | Permanent Location | Not for loan | Date acquired | Source of classification or shelving scheme | Koha item type | Lost status | Withdrawn status | Date last checked out | Total Checkouts | Shelving location | Damaged status | Barcode | Checked out | Current Location | Full call number |
|---|---|---|---|---|---|---|---|---|---|---|---|---|---|---|---|---|
| 2016-01-06 | 2025-03-18 | Library Block B | 2016-01-06 | LMA | 2025-02-05 | 4 | B310 | RUA012157 | Library Block B | LMA CHE 2011 B310 Or.1 | ||||||
| 2016-01-06 | 2024-08-30 | Library Block B | 2016-01-06 | LMA | 2023-02-20 | 1 | B310 | RUA025014 | Library Block B | LMA CHE 2011 B310 Or.2 | ||||||
| 2016-01-06 | 2016-01-06 | Library Block B | 2016-01-06 | LMA | B310 | RUA015498 | Library Block B | LMA CHE 2011 B310 Or.3 | ||||||||
| 2016-01-06 | 2016-01-06 | Library Block B | 2016-01-06 | LMA | B310 | RUA019655 | Library Block B | LMA CHE 2011 B310 Or.4 | ||||||||
| 2016-01-06 | 2023-01-03 | Library Block B | 2016-01-06 | LMA | 2022-11-15 | 3 | B310 | RUA019583 | Library Block B | LMA CHE 2011 B310 Or.5 | ||||||
| 2016-01-06 | 2024-06-07 | Library Block B | 2016-01-06 | LMA | 2024-06-07 | 1 | B310 | RUA019942 | 2024-06-26 | Library Block B | LMA CHE 2011 B310 Or.6 | |||||
| 2016-01-06 | 2024-11-18 | Library Block B | 2016-01-06 | LMA | 2024-10-28 | 1 | B310 | RUA019871 | Library Block B | LMA CHE 2011 B310 Or.7 | ||||||
| 2016-01-06 | 2016-01-06 | Library Block B | 2016-01-06 | LMA | B310 | RUA019799 | Library Block B | LMA CHE 2011 B310 Or.8 |